000 00888nam a22001817a 4500
999 _c25857
_d25857
003 BDDh-ASL
005 20231015030552.0
008 210918s1998 b ||||| |||| 00| 0 b d
040 _aBDDh-ASL
_cBDDh-ASL
082 _a954.541
_bBHU
100 1 _94440
_aভট্টাচার্য, মানবেন্দ্র
245 1 0 _aউত্তর-পূর্ব ভারতের লঙ্গাই অববাহিকা এবং বাণভট্ট : প্রাচীন ইতিহাসের বিস্ময় ! /
246 _aUttar-purba Bharater Longai Obabahika abong Banbhatta: Prachin itihaser bosmoy. by Manabendra Bhattacharjee.
260 _aশিলং:
_bমানবেন্দ্র ভট্টাচার্য ,
_c১৯৯৮.
300 _a242 p. :
_c22 cm.
651 0 _94438
_aভারত (India)
_xইতিহাস
942 _2ddc
_cBK